000
00261nam a2200097Ia 4500
008
230508s2005 xx 000 0 und d
041
_a
eng
100
_a
HAJRA CHAUDHARY
245
_a
ELEMENTS OF WORKSHOP TECHNOLOGY VOL.-II
260
_b
MEDIA PROMOTERS & PU
_c
2005
999
_c
337986
_d
337986